000 00423nam a2200169Ia 4500
008 241115s9999 xx 000 0 und d
020 _aNA
082 _a005.73 GOO
100 _aGoodrich, Michel T
245 0 _aData Structures & Algorithms in Java
250 _a6th ed.
260 _a2014
_bAmerica:
_cJohn Wiley,
300 _axvi, 720p.
600 _aComputer Science
650 _aComputer Science
942 _cBBD
999 _c27177
_d27177